Southville International School and Colleges
Your cart is empty.
  • Cart
  • Lists
    Public lists Eva Luna New books Lux_list list_1
    Your lists Log in to create your own lists
  • Log in to your account
  • Your cookies
  • Search history
Southville International School and Colleges
  • Advanced search
  • Recent comments
  • Most popular
  • Libraries

Log in to your account

Log in with GOOGLE


If you do not have an external account, but do have a local account, you can still log in:

  1. Home
  2. MARC view: Sustainable tourism :
Normal view MARC view ISBD view

Sustainable tourism : (Record no. 276836)

[ view plain ]
MARC details
000 -LEADER
fixed length control field 01120cam a22003137a 4500
001 - CONTROL NUMBER
control field 14264329
005 - DATE AND TIME OF LATEST TRANSACTION
control field 20141120082538.0
008 - FIXED-LENGTH DATA ELEMENTS--GENERAL INFORMATION
fixed length control field 060213s2006 ne a f b 001 0 eng d
010 ## - LIBRARY OF CONGRESS CONTROL NUMBER
LC control number 2006272776
015 ## - NATIONAL BIBLIOGRAPHY NUMBER
National bibliography number GBA550826
Source bnb
016 7# - NATIONAL BIBLIOGRAPHIC AGENCY CONTROL NUMBER
Record control number 013221052
Source Uk
020 ## - INTERNATIONAL STANDARD BOOK NUMBER
International Standard Book Number 075066438X (pbk.)
035 ## - SYSTEM CONTROL NUMBER
System control number (OCoLC)ocm60668103
040 ## - CATALOGING SOURCE
Original cataloging agency UKM
Transcribing agency UKM
Modifying agency BAKER
-- BWKUK
-- DLC
042 ## - AUTHENTICATION CODE
Authentication code lccopycat
050 00 - LIBRARY OF CONGRESS CALL NUMBER
Classification number G 156.5.E26
Item number .W435 2006
082 04 - DEWEY DECIMAL CLASSIFICATION NUMBER
Classification number 338.4791
100 1# - MAIN ENTRY--PERSONAL NAME
Personal name Weaver, David B.
Fuller form of name (David Bruce)
245 10 - TITLE STATEMENT
Title Sustainable tourism :
Remainder of title theory and practice /
Statement of responsibility, etc David Weaver.
260 ## - PUBLICATION, DISTRIBUTION, ETC. (IMPRINT)
Place of publication, distribution, etc Amsterdam ;
-- Boston :
Name of publisher, distributor, etc Elsevier Butterworth-Heinemann,
Date of publication, distribution, etc 2006.
300 ## - PHYSICAL DESCRIPTION
Extent xiii, 240 pages :
Other physical details illustrations ;
Dimensions 25 cm.
504 ## - BIBLIOGRAPHY, ETC. NOTE
Bibliography, etc Includes bibliographical references (p. [209]-226) and index.
521 ## - TARGET AUDIENCE NOTE
Target audience note Tourism
650 #0 - SUBJECT ADDED ENTRY--TOPICAL TERM
Topical term or geographic name as entry element Ecotourism.
856 42 - ELECTRONIC LOCATION AND ACCESS
Materials specified Publisher description
Uniform Resource Identifier <a href="http://www.loc.gov/catdir/enhancements/fy0632/2006272776-d.html">http://www.loc.gov/catdir/enhancements/fy0632/2006272776-d.html</a>
906 ## - LOCAL DATA ELEMENT F, LDF (RLIN)
a 7
b cbc
c copycat
d 2
e ncip
f 20
g y-gencatlg
942 ## - ADDED ENTRY ELEMENTS (KOHA)
Source of classification or shelving scheme Library of Congress Classification
Koha item type Books
Call number prefix Foreign
Holdings
Withdrawn status Lost status Source of classification or shelving scheme Damaged status Home library Current library Shelving location Date acquired Sub Shelving location Total Checkouts Total Renewals Full call number Barcode Date last seen Date checked out Price effective from Koha item type
    Library of Congress Classification   College Library College Library General Circulation Section 11/20/2014   2 5 G 156.5.E26 .W435 2006 C18955 06/04/2018 06/04/2018 11/20/2014 Books

Sustainable tourism :

APA

Weaver D. B., . (2006). Sustainable tourism. Amsterdam: Elsevier Butterworth-Heinemann.

Chicago

Weaver David B, . 2006. Sustainable tourism. Amsterdam: Elsevier Butterworth-Heinemann.

Harvard

Weaver D. B., . (2006). Sustainable tourism. Amsterdam: Elsevier Butterworth-Heinemann.

MLA

Weaver David B, . Sustainable tourism. Amsterdam: Elsevier Butterworth-Heinemann. 2006.

  • Place hold
  • Print
  • Cite
  • Add to your cart (remove)
  • Save record
    BIBTEX Dublin Core MARCXML MARC (non-Unicode/MARC-8) MARC (Unicode/UTF-8) MARC (Unicode/UTF-8, Standard) MODS (XML) RIS
  • More searches
    Search for this title in:
    Other Libraries (WorldCat) Other Databases (Google Scholar) Online Stores (Bookfinder.com) Open Library (openlibrary.org)

Exporting to Dublin Core...

SOUTHVILLE LIBRARY

Southville International School and Colleges Library

1281 Tropical Ave. Cor. Luxembourg St., BF Homes International, Las Pinas City

Tel. No. 8256374 / 252358 Loc. 117/146

Powered by Koha